Reorganizací k záchraně
Namiesto zásadného riešenia problémov, do ktorých sa firma dostane, sa niekedy používa cesta formálnej reorganizácie. Ak je akceptovaná, znamená oddialenie racionálneho riešenia. Prednosti a zásady reorganizácie.
Saved in:
| Main Author: | |
|---|---|
| Format: | Book Chapter |
| Language: | Czech |
| Subjects: | |
| Tags: |
No Tags, Be the first to tag this record!
|
MARC
| LEADER | 00000naa a2200000 4500 | ||
|---|---|---|---|
| 001 | r015494 | ||
| 005 | 20221213082531.4 | ||
| 041 | 0 | |a cze | |
| 044 | |a CZ | ||
| 245 | 1 | 0 | |a Reorganizací k záchraně |c V. Chmela |
| 520 | |a Namiesto zásadného riešenia problémov, do ktorých sa firma dostane, sa niekedy používa cesta formálnej reorganizácie. Ak je akceptovaná, znamená oddialenie racionálneho riešenia. Prednosti a zásady reorganizácie. | ||
| 610 | 2 | 0 | |a reorganizácia |
| 610 | 2 | 0 | |a firmy |
| 100 | 1 | |a Chmela, V. | |